| 000 | 01183 a2200193 4500 | ||
|---|---|---|---|
| 003 | Nust | ||
| 005 | 20221104111120.0 | ||
| 020 | _a8176847889 | ||
| 040 | _cNust | ||
| 082 | _a621.3192 | ||
| 100 |
_aSinha Umesh _9102370 |
||
| 245 |
_aTransmission lines and networks _bnetworks, filter & transmission lines / _cUmesh Sinha |
||
| 260 |
_aNew Delhi _bTech India publications _c2005. |
||
| 300 | _a760 p | ||
| 505 | _aTransmission Lines (Page-1) Open and Short-Circuited Lines (Page-36) Line With any Termination (page-62) Power Lines (Low Frequency Lines) Telegraph and Telephone Lines (page-131) Ultra High Frequency Lines (Page-174) Waveguides (Page-237) Transmission Lines Measurements (Page-262) Artifiacl Lines (page-282) Modern Transmission Lines (Page-299) NON-Uniform Transmission Lines (Page-314) Networks (page-320) Networks Theorems (Page-385) Networks Parameters (Page-447) Filters (Page-499) Equalizers (page-584)Attenuators (page-622) Laplace Transformation (Page-652) Resonance (page-681) Network Functions (Page-708) | ||
| 600 |
_aSinha Umesh _9102370 |
||
| 650 |
_aTransmission lines and networks networks, filter & transmission lines _9102371 |
||
| 942 |
_2ddc _cBK |
||
| 999 |
_c180905 _d180905 |
||